000 00453nam a2200169Ia 4500
008 230711s9999||||xx |||||||||||||| ||und||
020 _a978-1-84569-180-6
041 _aENG
082 _a677
_bLA-H
100 _aLawrence,Carl A
245 0 _aHigh performance Textile Engineering and their applications
250 _a1st Ed.
260 _c2014
_aCamberidge
_bWoodhead Publishing Ltd
300 _a437p.
650 _aTextile Engineering
942 _cBK
999 _c5829
_d5829